Proceedings in case of U.S. vs. William Pitt Kellogg, charged with receiving bribe while U.S. Senator.

Bibliographic Details
Corporate Author: District of Columbia. Supreme Court
Other Authors: Easton, Edward D. (Edward Denison), 1856-1915, Johns, A., Kellogg, William Pitt, 1830-1918
Format: Government Document eBook
Language:English
Published: [Place of publication not identified] : U.S. Government Printing Office, 1884.
Subjects:
Online Access:Connect to the full text of this electronic document

MARC

Tag First Indicator Second Indicator Subfields
LEADER 00000cam a22000001a 4500
001 in00003661682
005 20190408172228.0
006 m o d f
007 cr bn mmmapmmp
008 011112s1884 dcu o f000 0 eng d
035 |a ebd1909406320 
040 |a UMI  |c UMI  |d UtOrBLW 
086 0 |a DC 21.2:K 29 
099 |a DC2102-5 
245 0 0 |a Proceedings in case of U.S. vs. William Pitt Kellogg, charged with receiving bribe while U.S. Senator. 
264 1 |a [Place of publication not identified] :  |b U.S. Government Printing Office,  |c 1884. 
300 |a 1 online resource (159 pages) 
336 |a text  |b txt  |2 rdacontent 
337 |a computer  |b c  |2 rdamedia 
338 |a online resource  |b cr  |2 rdacarrier 
500 |a Record is based on bibliographic data in ProQuest U.S. Executive Branch Documents, 1789-1909. Reuse except for individual research requires license from ProQuest, LLC. 
533 |a Electronic reproduction.  |b [Bethesda, Md.] :  |c ProQuest,  |d 2012.  |e digital, PDF file.  |n ProQuest U.S. Executive Branch Documents, 1789-1909.  |n Mode of access: World Wide Web via ProQuest website. 
538 |a System requirements: PDF reader software. 
500 |a Electronic resource. 
630 0 0 |a United States vs. William. 
655 7 |a Electronic books.  |2 local 
700 1 |a Easton, Edward D.  |q (Edward Denison),  |d 1856-1915.  |0 http://id.loc.gov/authorities/names/no97020506 
700 1 |a Johns, A. 
700 1 |a Kellogg, William Pitt,  |d 1830-1918.  |0 http://id.loc.gov/authorities/names/no98114633 
710 1 |a District of Columbia.  |b Supreme Court.  |0 http://id.loc.gov/authorities/names/n88199710 
776 1 8 |i Microfiche version:  |t Proceedings in case of U.S. vs. William Pitt Kellogg, charged with receiving bribe while U.S. Senator  |o CIS US Exec MF DC2102-5  |w (ProQuest)cis19044212 
856 4 0 |u http://proxy.library.tamu.edu/login?url=http://congressional.proquest.com/congressional/docview/t66.d71.dc2102-5  |z Connect to the full text of this electronic document  |t 0 
999 f f |s 92cd77a6-5c7d-3d33-b825-d5336dfe09f6  |i 5a977bcb-65d1-3211-ae40-243e466a70df  |t 0 
952 f f |a Texas A&M University  |b College Station  |c Electronic Resources  |d Available Online  |t 0  |h No information provided 
998 f f |t 0  |l Available Online